Enrich Your General Knowledge (Record no. 550135)
[ view plain ]
| 000 -LEADER | |
|---|---|
| fixed length control field | 00298nam a22001097a 4500 |
| 082 ## - DEWEY DECIMAL CLASSIFICATION NUMBER | |
| Classification number | 001 |
| Author Mark | PRA |
| -- | L-NUST, P-47 |
| 100 ## - MAIN ENTRY--PERSONAL NAME | |
| Personal name | Prakash, Ved |
| 9 (RLIN) | 36427 |
| 245 ## - TITLE STATEMENT | |
| Title | Enrich Your General Knowledge |
| Statement of responsibility, etc. | Prakash, Ved |
| 260 ## - PUBLICATION, DISTRIBUTION, ETC. | |
| Place of publication, distribution, etc. | Delhi |
| Name of publisher, distributor, etc. | Dreamland |
| 526 ## - STUDY PROGRAM INFORMATION NOTE | |
| Program name | 0 |
| Interest level | 0 |
| Reading level | 0 |
| Title point value | 001_000000000000000_PRA |
| 942 ## - ADDED ENTRY ELEMENTS (KOHA) | |
| Source of classification or shelving scheme | |
| Koha item type | Book |
| Withdrawn status | Lost status | Source of classification or shelving scheme | Damaged status | Not for loan | Permanent Location | Current Location | Date acquired | Total Checkouts | Full call number | Barcode | Date last seen | Date last checked out | Price effective from | Koha item type |
|---|---|---|---|---|---|---|---|---|---|---|---|---|---|---|
| Military College of Engineering (MCE) | Military College of Engineering (MCE) | 10/24/2014 | 1 | 001 PRA | MCE-44597 | 08/17/2015 | 05/18/2015 | 10/24/2014 | Book |
